Estadísticas para Países nórdicos y capitales

Haz click aquí para intentar la prueba.

Estadísticas generales

  • Esta prueba ha sido intentada 4.411 veces
  • La puntuación promedio es 9 de 10

Estadísticas de respuestas

Los países nórdicos% Correcto
Finlandia
99%
Noruega
99%
Suecia
98%
Dinamarca
97%
Oslo
97%
Islandia
96%
Helsinki
92%
Estocolmo
90%
Copenhague
87%
Reikiavik
87%

Distribución de puntuación

Porcentaje por número respondido

Porcentaje de gente con cada puntuación

Historial de tus puntuaciones

No has intentado esta prueba.